Dominicanas de Espíritu Indomable (Record no. 7675)

MARC details
000 -LEADER
campo de control de longitud fija 00375nam a2200145Ia 4500
001 - NÚMERO DE CONTROL
campo de control 632
008 - DATOS DE LONGITUD FIJA--INFORMACIÓN GENERAL
campo de control de longitud fija 241024s9999 xx 000 0 und d
020 ## - NÚMERO INTERNACIONAL ESTÁNDAR DEL LIBRO
Número Internacional Estándar del Libro 99934-73-21-9
082 ## - NÚMERO DE LA CLASIFICACIÓN DECIMAL DEWEY
Número de clasificación RD/920.72/M385d
100 ## - ENTRADA PRINCIPAL--NOMBRE DE PERSONA
Nombre de persona Zolia Martínez de Medina
245 #0 - MENCIÓN DEL TÍTULO
Título Dominicanas de Espíritu Indomable
260 ## - PUBLICACIÓN, DISTRIBUCIÓN, ETC.
Nombre del editor, distribuidor, etc. Ed. de Colores
Fecha de publicación, distribución, etc. 2004
901 ## - ELEMENTOS DE DATOS A LOCAL LDA (RLIN)
a 23/11/2010 9:55:47 a.m.

No items available.

© 2024. Todos los Derechos Reservados. Desarrollado por IDEICE